| 000 | 00764nac a22002051u 4500 | ||
|---|---|---|---|
| 008 | 100906s2000 -us|||||r|||| 00| 0 eng d | ||
| 010 | _a99043462 | ||
| 020 | _a0201615878 | ||
| 035 | _a(DLC) 99043462 | ||
| 082 | 0 | 0 |
_a005.276 _bM7412 _222 |
| 100 |
_aMonday, Paul. _918280 |
||
| 245 | 1 | 0 |
_aSanFrancisco component framework : _ban introduction / _cPaul Monday, Mary Dangler, James Carey. |
| 260 |
_aReading, Mass. : _bAddison-Wesley, _c2000. |
||
| 300 |
_axxv, 338 p. : _bill. ; _c24 cm. _e+ 1 computer laser optical disk (4 3/4 in.) |
||
| 650 | 0 |
_aApplication software _xDevelopment. _918281 |
|
| 650 | 0 |
_aBusiness _xData processing. _918282 |
|
| 700 | 1 |
_aDangler, Mary. _918283 |
|
| 700 | 1 |
_aCarey, James, _d1962- _918284 |
|
| 942 |
_cBB _k005.276M7412 _2ddc |
||
| 999 |
_c443 _d443 |
||